Giai cấp công nhân Việt Nam những năm trước khi thành lập Đảng
Vai trò độc quyền lãnh đạo Đảng cộng sản Việt Nam của giai cấp công nhâ. Vai trò của phong trào công nhân với tư cách là một trong ba yếu tố dẫn đến sự thành lập Đảng cộng sản Đông Dương. Những đặc điểm của quá trình phát triển của giai cấp công nhân Việt Nam từ tự phát đến tự giác, trong đó những t...
Enregistré dans:
| Auteur principal: | |
|---|---|
| Autres auteurs: | |
| Format: | Livre |
| Langue: | Vietnamese |
| Publié: |
H.
Khoa học xã hội
1978
|
| Sujets: | |
| Tags: |
Ajouter un tag
Pas de tags, Soyez le premier à ajouter un tag!
|
| Thư viện lưu trữ: | Mạng thư viện Đại học Đà Nẵng |
|---|
| LEADER | 01791nam a2200385 4500 | ||
|---|---|---|---|
| 001 | 000007362 | ||
| 003 | 3523 | ||
| 005 | 20111111081127.0 | ||
| 008 | 110929s1978 viesd | ||
| 020 | |c 10000đ | ||
| 041 | 0 | |a vie | |
| 082 | |a 959.704 |b NG-H | ||
| 100 | 0 | |a Ngô Văn Hoa | |
| 245 | 0 | |a Giai cấp công nhân Việt Nam những năm trước khi thành lập Đảng |c Ngô Văn Hoa, Dương Kinh Quốc | |
| 260 | |a H. |b Khoa học xã hội |c 1978 | ||
| 300 | |a 411 tr |c 19 cm | ||
| 500 | |a ĐTTS ghi: Uy ban khoa học xã hội Việt Nam. Viện Sử học | ||
| 520 | |a Vai trò độc quyền lãnh đạo Đảng cộng sản Việt Nam của giai cấp công nhâ. Vai trò của phong trào công nhân với tư cách là một trong ba yếu tố dẫn đến sự thành lập Đảng cộng sản Đông Dương. Những đặc điểm của quá trình phát triển của giai cấp công nhân Việt Nam từ tự phát đến tự giác, trong đó những truyền thống ưu tú của dân tộc đã góp phần tích cực | ||
| 653 | |a giai cấp công nhân | ||
| 653 | |a Lịch sử | ||
| 653 | |a Việt Nam | ||
| 653 | |a phong trào công nhân | ||
| 700 | |a Dương Kinh Quốc |e Tác giả | ||
| 700 | |a Ngô Văn Hoa |e Tác giả | ||
| 910 | |a Nguyễn Thị Kim Oanh |d 29/09/2011 | ||
| OWN | |a LSP | ||
| AVA | |a UDN50 |b LSP |d 959.704 NG-H |e available |t Error 5001 Not defined in file expand_doc_bib_avail. |f 5 |g 1 |h N |i 0 |k 1 | ||
| 999 | |a From the UDN01 | ||
| AVA | |a UDN50 |b LSP |d 959.704 NG-H |e available |t Error 5001 Not defined in file expand_doc_bib_avail. |f 5 |g 1 |h N |i 0 |k 1 | ||
| TYP | |a Monograph | ||
| TYP | |a Printed language | ||
| 980 | |a Mạng thư viện Đại học Đà Nẵng | ||